banner-ar

دفاع ام عدوان؟ : (Record no. 41681)

MARC details
000 -الفاتح
حقل البيانات ثابتة الطول 01050nam a2200253Ia 4500
005 - وقت وتاريخ اخر تعامل مع التسجيلة
رقم الضبط 20240530103703.0
008 - عناصر البيانات ثابتة الطول - معلومات عامة
حقل البيانات ثابتة الطول 140319s1983 le 000 0 ara d
040 ## - مصدر الفهرسة
وكالة الفهرسة الأصلية GCL /
وكالة النسخ GCL
082 04 - رقم تصنيف ديوى العشرى
رقم التصنيف 956.04/
رقم المادة أ د
رقم الطبعة 21
100 1# - المدخل الرئيسى - إسم شخصى
الإسم الشخصى اسيبوزا، وليم
245 10 - بيان العنوان
العنوان دفاع ام عدوان؟ :
بقية العنوان القوانين الامريكية لضبط صادرات السلاح والاحتياج الاسرائيلى للبنان /
بيان المسئوليه,etc وليم اسيبوزا، لس جنكه
260 ## - PUBLICATION, DISTRIBUTION, ETC. (IMPRINT)
تاريخ النشر أو التوزيع 1983
300 ## - الوصف المادى
التعداد 30 ص. ؛
أبعاد الوعاء 19 سم.
490 #0 - بيان السلسلة
عنوان السلسلة اوراق مؤسسة الدراسات الفلسطسينية ؛
رقم المجلد/ التعيين التسلسلي 22
650 07 - المدخل الاضافى بالموضوع-مصطلح موضوعى
مصطلح موضوعي النزاع العربى الاسرائيلى
مصدر الرأس أو المصطلح qrmak
650 07 - المدخل الاضافى بالموضوع-مصطلح موضوعى
مصطلح موضوعي الاسلحة
مصدر الرأس أو المصطلح qrmak
650 07 - المدخل الاضافى بالموضوع-مصطلح موضوعى
مصطلح موضوعي القصة الفلسطينية
مصدر الرأس أو المصطلح qrmak
651 07 - المدخل الاضافى بالموضوع - اسم جغرافى
مصدر الرأس أو المصطلح qrmak
الاسم الجغرافي لبنان
651 07 - المدخل الاضافى بالموضوع - اسم جغرافى
مصدر الرأس أو المصطلح qrmak
الاسم الجغرافي الولايات المتحدة الامريكية
651 07 - المدخل الاضافى بالموضوع - اسم جغرافى
مصدر الرأس أو المصطلح qrmak
الاسم الجغرافي اسرائيل
700 1# - المدخل الاضافى - اسم شخصى
الإسم الشخصى جنكة، لس
942 ## - عناصر المدخل الإضافي( كوها)
مصدر التصنيف او مخطط الترفيف Dewey Decimal Classification
Koha [default] item type كتاب
260 ## - PUBLICATION, DISTRIBUTION, ETC. (IMPRINT)
-- بيروت :
-- مؤسسة الدراسات الفلسطينية ،
Holdings
حالة التراجع حالة الفقد حالة تلف ليس للاعارة المكان المؤقت الموقع الحالى تاريخ الاكتساب اجمالي اﻻعارات رقم الطلب الباركود تاريخ اخر مشاهدة تاريخ تفعيل السعر نوع وعاء كوها
        مكتبة القاهرة الكبرى مكتبة القاهرة الكبرى 03/26/2014   956.04\ود 100688 03/26/2014 03/26/2014 كتاب

Powered By

EGPV